000 01208nam a22002417a 4500
005 2012052204034.0
010 _aB-463453-454
020 _a9788176256421 (set)
_c3200.00 (set of 2 vols)
035 _aB-463453-454
037 _bRBC/Ven
082 _a954.084
100 _aSagar, R. S.
_948027
245 _aThree decades of political and socio economic struggle /
_cby R S Sagar
260 _aNew Delhi
_bSarup Book Publishers
_c2010
300 _a2v. (408p. ; 356p.)
_c23 cm. (Hb)
490 _aStudies in modern Indian history
_948028
500 _aIncludes index
505 _av.1-- 1885-1910. v.2-- 1911-1919.
942 _2ddc
_cEN
_h954.084
_mSAG
999 _c67057
_d67057